| 000 | 00410pab a2200157 454500 | ||
|---|---|---|---|
| 008 | 180718b2015 xxu||||| |||| 00| 0 eng d | ||
| 100 | _aAcemoglu, Daron | ||
| 245 | _aThe rise and decline of general laws of capitalism | ||
| 260 | _c2015 | ||
| 300 | _ap.3-28. | ||
| 362 | _aWinter | ||
| 650 | _aCapitalism | ||
| 700 | _aRobinson, James A. | ||
| 773 | _aJournal of Economic Perspectives | ||
| 909 | _a107607 | ||
| 999 |
_c107602 _d107602 |
||